Statistics for Languages in Swedish

Click here to take the quiz!

General Stats

  • This quiz has been taken 351 times
  • The average score is 10 of 10

Answer Stats

SvenskaEnglish% Correct
SpanskaSpanish
100%
DanskaDanish
99%
EngelskaEnglish
99%
FranskaFrench
99%
ItalienskaItalian
99%
JapanskaJapanese
98%
RyskaRussian
96%
NorskaNorwegian
95%
HolländskaDutch
92%
TyskaGerman
88%

Score Distribution

Percentile by Number Answered

Percent of People with Each Score

Your Score History

You have not taken this quiz